[Event "Amber Rapid"]
[Site "Monte Carlo MNC"]
[Date "2007.03.17"]
[Round "1"]
[White "Ivanchuk,V"]
[Black "Van Wely,L"]
[Result "1-0"]
[WhiteElo "2750"]
[BlackElo "2683"]
[EventDate "2007.03.17"]

1. d4 d5 2. c4 c6 3. Nf3 Nf6 4. e3 e6 5. Bd3 Nbd7 6. O-O Bd6 7. Nbd2 O-O 8.
e4 e5 9. cxd5 cxd5 10. exd5 exd4 11. Nc4 Nc5 12. Nxd6 Qxd6 13. Bc4 d3 14.
b4 Na6 15. a3 Bf5 16. Bb2 Rfe8 17. Bxf6 Qxf6 18. Bxd3 Rad8 19. Bxf5 Qxf5
20. Qd4 Qxd5 21. Qxa7 Nc7 22. Rfe1 Nb5 23. Qa5 Qd3 24. Rxe8+ Rxe8 25. Re1
Rc8 26. a4 Nc3 27. Qc7 Qd8 28. Qxb7 Nxa4 29. Ng5 Qf8 30. g3 Rb8 31. Qe4 g6
32. Qc6 Nb6 33. b5 Qd8 34. h4 Rc8 35. Qb7 Qc7 36. Re8+ Kg7 37. Ne6+ 1-0

[Event "Amber Rapid"]
[Site "Monte Carlo MNC"]
[Date "2007.03.19"]
[Round "3"]
[White "Anand,V"]
[Black "Ivanchuk,V"]
[Result "1-0"]
[WhiteElo "2779"]
[BlackElo "2750"]
[EventDate "2007.03.17"]

1. e4 e5 2. Nf3 Nc6 3. Bb5 a6 4. Ba4 Nf6 5. O-O Be7 6. Re1 b5 7. Bb3 O-O 8.
h3 Bb7 9. d3 Re8 10. c3 d6 11. Nbd2 Na5 12. Bc2 c5 13. Nf1 Rc8 14. Ng3 g6
15. Bg5 Nd7 16. Bd2 Nb6 17. Nh2 Rc7 18. f4 Bh4 19. Qg4 c4 20. Nf3 cxd3 21.
Nxh4 dxc2 22. f5 Nac4 23. Bh6 Bc8 24. Nh5 Nxb2 25. Bg5 gxh5 26. Qg3 Rxc3
27. Nf3 Kf8 28. Bxd8 Rxd8 29. Qg5 Ke8 30. Qg8+ Kd7 31. Qxf7+ Kc6 32. Qe7
Rd7 33. Qe8 Kb7 34. f6 Rcc7 35. Ng5 Nd3 36. Rec1 Nxc1 37. Rxc1 d5 38. f7
dxe4 39. f8=Q Rd1+ 40. Qf1 Rxf1+ 41. Kxf1 Nc4 42. Ke2 Rg7 43. Rxc2 h6 44.
Rxc4 bxc4 45. Nxe4 Rxg2+ 46. Ke3 1-0

[Event "Amber Rapid"]
[Site "Monte Carlo MNC"]
[Date "2007.03.20"]
[Round "4"]
[White "Anand,V"]
[Black "Kramnik,V"]
[Result "1/2-1/2"]
[WhiteElo "2779"]
[BlackElo "2766"]
[EventDate "2007.03.17"]

1. e4 e5 2. Nf3 Nc6 3. Bb5 a6 4. Ba4 Nf6 5. O-O Be7 6. Re1 b5 7. Bb3 O-O 8.
h3 Bb7 9. d3 d6 10. a3 Nb8 11. Nbd2 Nbd7 12. Nf1 Re8 13. Ne3 Nc5 14. Ba2 h6
15. Nh2 Bf8 16. Nhg4 Ne6 17. Nf5 Kh7 18. Qf3 Nxg4 19. hxg4 Qf6 20. Qh3 Kg8
21. g3 Rad8 22. f4 exf4 23. gxf4 Nd4 24. c3 Nc2 25. Re2 Nxa1 26. g5 Qg6 27.
Nxh6+ gxh6 28. f5 Qg7 29. Rg2 Rxe4 30. dxe4 Bxe4 31. Rg3 Qe5 32. gxh6+ Kh7
33. Qg4 Be7 34. Bxf7 Bxf5 35. Qg7+ Qxg7 36. hxg7 Rg8 37. Bxg8+ Kxg8 38. Bh6
d5 39. Rf3 Be6 40. Rf8+ Kh7 41. Rh8+ Kg6 42. g8=Q Bxg8 43. Rxg8+ Kxh6 44.
Ra8 Nb3 45. Rxa6+ Bd6 46. Kf1 Kg5 47. Ke2 Kf5 48. Ra8 Ke6 49. a4 bxa4 50.
Rxa4 c5 51. Kd3 c4+ 52. Kc2 Bf4 53. Ra8 Nc5 54. Rc8 Kd6 55. Rf8 Be5 56. Rg8
1/2-1/2

[Event "Amber Rapid"]
[Site "Monte Carlo MNC"]
[Date "2007.03.22"]
[Round "5"]
[White "Aronian,L"]
[Black "Svidler,P"]
[Result "1/2-1/2"]
[WhiteElo "2744"]
[BlackElo "2728"]
[EventDate "2007.03.17"]

1. Nf3 Nf6 2. c4 g6 3. Nc3 Bg7 4. e4 O-O 5. d4 d6 6. Be2 e5 7. Be3 Na6 8.
O-O Ng4 9. Bg5 Qe8 10. h3 h6 11. Bh4 Nf6 12. c5 exd4 13. Bxf6 dxc3 14. Bxg7
Kxg7 15. Qd4+ Kh7 16. Bxa6 bxa6 17. bxc3 Bb7 18. Rfe1 Qc6 19. cxd6 cxd6 20.
Re3 Rae8 21. Rae1 Qb6 22. Qd2 Re7 23. Nd4 Rfe8 24. f3 a5 25. Kh1 Qc5 26.
Qe2 Re5 27. Rb1 Bc8 28. Qf2 Qc4 29. Ree1 a4 30. Red1 d5 31. Nb5 dxe4 32.
Nd6 e3 33. Nxc4 exf2 34. Nxe5 Rxe5 35. Rf1 Re2 36. g4 Be6 37. Kg2 Bxa2 38.
Rb7 Bb3 39. Rxf2 Re3 40. Rxa7 Rxc3 41. Kg3 g5 42. h4 Kg7 43. Ra5 Kg6 44.
hxg5 hxg5 45. Rd2 Kf6 46. Rd4 Ke6 47. Kf2 Rc6 48. Re4+ Kd6 49. Rxg5 a3 50.
Ra5 a2 51. Rb4 Be6 52. Ra7 Rc3 53. Rba4 Bd5 54. f4 Rf3+ 55. Ke2 a1=Q 56.
Rxa1 Rxf4 57. R1a4 Bc4+ 58. Ke3 Rxg4 59. Kf3 f5 60. Kf2 Rf4+ 61. Ke3 Re4+
62. Kd2 Ke5 1/2-1/2

[Event "Amber Rapid"]
[Site "Monte Carlo MNC"]
[Date "2007.03.22"]
[Round "5"]
[White "Kramnik,V"]
[Black "Ivanchuk,V"]
[Result "0-1"]
[WhiteElo "2766"]
[BlackElo "2750"]
[EventDate "2007.03.17"]

1. Nf3 Nf6 2. c4 e6 3. Nc3 Bb4 4. Qc2 O-O 5. a3 Bxc3 6. Qxc3 d6 7. b4 a5 8.
Bb2 e5 9. g3 axb4 10. axb4 Rxa1+ 11. Bxa1 b5 12. cxb5 Bd7 13. e3 Qc8 14.
Be2 Qb7 15. d3 Bxb5 16. O-O Nc6 17. Rb1 Qa6 18. Qb3 Ra8 19. Nd2 Qa2 20. Bc3
Qxb3 21. Rxb3 Ra2 22. Bf1 Nd5 23. Bg2 Nce7 24. Bb2 Ba4 25. Ra3 Rxb2 26.
Rxa4 Nb6 27. Ra7 Rxd2 28. Rxc7 Kf8 29. Rb7 Rd1+ 30. Bf1 Nec8 31. b5 Ra1 32.
Rc7 g6 33. h4 Rb1 34. d4 exd4 35. exd4 Ne7 36. Kg2 h5 37. Rb7 Nbd5 38. Rb8+
Kg7 39. Rd8 Rb2 40. Kg1 Nf5 41. Bc4 Rb1+ 42. Kh2 Nf6 43. f3 Rb2+ 44. Kh3
Nxd4 0-1

[Event "Amber Rapid"]
[Site "Monte Carlo MNC"]
[Date "2007.03.24"]
[Round "7"]
[White "Van Wely,L"]
[Black "Gelfand,B"]
[Result "1/2-1/2"]
[WhiteElo "2683"]
[BlackElo "2733"]
[EventDate "2007.03.17"]

1. d4 Nf6 2. c4 e6 3. Nf3 b6 4. g3 Ba6 5. b3 Bb4+ 6. Bd2 Be7 7. Nc3 c6 8.
e4 d5 9. Qe2 dxe4 10. Nxe4 c5 11. dxc5 Bb7 12. Nd6+ Bxd6 13. cxd6 Qxd6 14.
Bg2 O-O 15. O-O Nbd7 16. Rfd1 Qc5 17. Bf4 Rfe8 18. Bd6 Qc8 19. Rac1 e5 20.
b4 e4 21. Nd4 Ne5 22. c5 Nf3+ 23. Kh1 bxc5 24. bxc5 Nxd4 25. Rxd4 Bc6 26.
Kg1 Qf5 27. h3 h5 28. Qe3 Nd5 29. Qb3 Rac8 30. Re1 Nf6 31. Qe3 Re6 32. Qf4
Qg6 33. h4 Rce8 34. Qg5 Qxg5 35. hxg5 Ng4 36. Bf4 Ne5 37. Red1 Nf3+ 38.
Bxf3 exf3 39. Be3 Kh7 40. Rd6 Kg6 41. R1d3 R8e7 42. Ra3 Kf5 43. Ra6 Bb5 44.
Rd5+ Re5 45. Rad6 Rxd5 46. Rxd5+ Kg6 47. Rd4 Rd7 48. Rxd7 1/2-1/2

[Event "Amber Rapid"]
[Site "Monte Carlo MNC"]
[Date "2007.03.25"]
[Round "8"]
[White "Gelfand,B"]
[Black "Kramnik,V"]
[Result "1/2-1/2"]
[WhiteElo "2733"]
[BlackElo "2766"]
[EventDate "2007.03.17"]

1. d4 d5 2. c4 c6 3. Nf3 Nf6 4. e3 Bf5 5. Nc3 e6 6. Nh4 Bg6 7. Be2 Nbd7 8.
O-O Bd6 9. g3 O-O 10. Nxg6 hxg6 11. Qc2 Qe7 12. Bd2 dxc4 13. Bxc4 c5 14.
Be2 Rac8 15. Bf3 cxd4 16. exd4 Nb6 17. Bg5 Qd7 18. Qb3 Be7 19. Nb5 Rc4 20.
a3 a5 21. Nc3 Bd8 22. Bxf6 gxf6 23. d5 e5 24. Rac1 f5 25. d6 a4 26. Qb5
Qxd6 27. Bxb7 Bg5 28. Rcd1 Qc5 29. Ba6 e4 30. Nd5 Qxb5 31. Bxb5 Rc5 32.
Nxb6 Rxb5 33. Nxa4 Ra8 34. Rd4 e3 35. Re1 Bf6 36. Rc4 exf2+ 37. Kxf2 Bxb2
38. Nxb2 Rxb2+ 39. Re2 Rxe2+ 40. Kxe2 Rxa3 41. Kf2 Ra2+ 42. Kg1 Kg7 43. g4
fxg4 44. Rxg4 f5 45. Rb4 Kh6 46. Rh4+ Kg5 47. Rb4 Kh5 48. Rf4 Re2 49. Ra4
g5 50. Rb4 f4 51. Rb8 Kg4 52. Ra8 Kf3 53. Ra3+ Re3 54. Ra1 Rd3 55. Rb1 Ke2
56. Kg2 g4 57. Ra1 Rd1 58. Ra2+ Rd2 59. Ra1 Rb2 60. Kg1 f3 61. Rc1 Rd2 62.
Ra1 Ke3 63. Ra3+ Kf4 64. Ra4+ Kg5 65. Ra8 Rg2+ 66. Kh1 Rc2 67. Kg1 Re2 68.
Rg8+ Kf4 69. Rf8+ Ke3 70. Re8+ Kd2 71. Ra8 Rg2+ 72. Kh1 Re2 73. Kg1 Kd3 74.
Rd8+ Ke3 75. Re8+ Kd2 76. Ra8 1/2-1/2

[Event "Amber Rapid"]
[Site "Monte Carlo MNC"]
[Date "2007.03.28"]
[Round "10"]
[White "Gelfand,B"]
[Black "Ivanchuk,V"]
[Result "1/2-1/2"]
[WhiteElo "2733"]
[BlackElo "2750"]
[EventDate "2007.03.17"]

1. d4 Nf6 2. c4 g6 3. Nc3 Bg7 4. e4 O-O 5. Bg5 d6 6. Qd2 c5 7. d5 b5 8.
cxb5 a6 9. a4 Qa5 10. Ra3 Nbd7 11. f3 Nb6 12. Qc2 axb5 13. Bxb5 Bd7 14. Bd2
Ne8 15. Nge2 Nc7 16. Bxd7 Nxd7 17. Nb5 Nxb5 18. Bxa5 Nxa3 19. Qd3 Rxa5 20.
Qxa3 Rfa8 21. b3 c4 22. O-O Nc5 23. bxc4 Rxa4 24. Qe3 Rxc4 25. Rb1 h5 26.
Kf1 Ra2 27. Nc1 Rac2 28. Ne2 Ra4 29. Rc1 Rb2 30. e5 Raa2 31. exd6 exd6 32.
Qe8+ Bf8 33. Nf4 g5 34. Ne6 Rf2+ 35. Kg1 Rxg2+ 36. Kh1 Rxh2+ 37. Kg1 Rhg2+
38. Kh1 fxe6 39. dxe6 Rh2+ 40. Kg1 Rag2+ 41. Kf1 Rf2+ 42. Kg1 1/2-1/2

[Event "Amber Rapid"]
[Site "Monte Carlo MNC"]
[Date "2007.03.29"]
[Round "11"]
[White "Ivanchuk,V"]
[Black "Aronian,L"]
[Result "1/2-1/2"]
[WhiteElo "2750"]
[BlackElo "2744"]
[EventDate "2007.03.17"]

1. d4 Nf6 2. c4 e6 3. Nf3 b6 4. g3 Ba6 5. b3 Bb4+ 6. Bd2 Be7 7. Bg2 c6 8.
Bc3 d5 9. Ne5 Nfd7 10. Nxd7 Nxd7 11. Nd2 O-O 12. O-O Rc8 13. e4 c5 14. exd5
exd5 15. dxc5 dxc4 16. c6 cxb3 17. Re1 b2 18. Bxb2 Nc5 19. Nc4 Bxc4 20. Qg4
Bg5 21. Qxc4 Nd3 22. Be5 Nxe1 23. Rxe1 Bf6 24. Bxf6 Qxf6 25. c7 Qd6 26. Rc1
b5 27. Qc2 g6 28. Bb7 b4 29. h4 h5 30. Kf1 a5 31. Qc5 Qxc5 32. Rxc5 a4 33.
Ke2 b3 34. axb3 axb3 35. Kd3 Rfe8 36. Kc3 Kf8 37. Kxb3 Ke7 38. Kc4 Kd6 39.
Bxc8 Rxc8 40. f4 Rxc7 41. Rxc7 Kxc7 42. Kd5 Kd7 43. f5 Ke7 44. Ke5 f6+ 45.
Kf4 gxf5 46. Kxf5 Kf7 1/2-1/2